LEADER 01698nam0 2200397 i 450 001 RAV0162046 005 20251003044326.0 010 $a8820012286 100 $a19911024d1991 ||||0itac50 ba 101 | $aita 102 $ait 181 1$6z01$ai $bxxxe 182 1$6z01$an 183 1$6z01$anc$2RDAcarrier 200 1 $aˆIl ‰capitalismo senza capitale$fNapoleone Colajanni 210 $aMilano$cSperling & Kupfer$d\1991! 215 $a253 p.$d21 cm 225 | $aSaggi$v94 410 0$1001CFI0077486$12001 $aSaggi$v94 606 $aCuccia, Enrico$2FIR$3CFIC079134$9E 606 $aMediobanca$x1946-1990$2FIR$3CFIC084022$9E 676 $a332.1$9BANCHE E SERVIZI BANCARI$v20 676 $a332.10945$9BANCHE E OPERAZIONI BANCARIE. ITALIA$v19 676 $a332.66$9BANCHE D'INVESTIMENTO$v23 686 $aIT/X435.0$cFINANZA CREDITO MONETA ITALIA$2R 700 1$aColajanni$b, Napoleone$f <1926-2005>$3CFIV032669$4070$0328130 801 3$aIT$bIT-000000$c19911024 850 $aIT-BN0095 $aIT-NA0601 $aIT-AV0007 901 $bNAP 93$cECO $nEconomia e Finanza 901 $bNAP AV$cSEZ. M 3 $n$ 901 $bNAP 01$cPOZZO LIB.$nVi sono collocati fondi di economia, periodici di ingegneria e scienze, periodici di economia e statistica e altri fondi comprendenti documenti di economia pervenuti in dono. 912 $aRAV0162046 950 0$aBiblioteca Centralizzata di Ateneo$c1 v.$d 01POZZO LIB.ECON MON 6945$e 0101 0700190935E VMA 1 v. (Precedente collocazione 19 EC 093)$fB $h20220725$i20220725 977 $a 01$a 93$a AV 996 $aCapitalismo senza capitale$9498437 997 $aUNISANNIO